<?xml version="1.0" encoding="UTF-8"?><?xml-stylesheet type="text/xsl" href="static/style.xsl"?><OAI-PMH xmlns="http://www.openarchives.org/OAI/2.0/" xmlns:xsi="http://www.w3.org/2001/XMLSchema-instance" xsi:schemaLocation="http://www.openarchives.org/OAI/2.0/ http://www.openarchives.org/OAI/2.0/OAI-PMH.xsd"><responseDate>2026-04-17T08:04:46Z</responseDate><request verb="GetRecord" identifier="oai:www.recercat.cat:10256/26572" metadataPrefix="marc">https://recercat.cat/oai/request</request><GetRecord><record><header><identifier>oai:recercat.cat:10256/26572</identifier><datestamp>2025-03-15T03:40:07Z</datestamp><setSpec>com_2072_452955</setSpec><setSpec>com_2072_2054</setSpec><setSpec>col_2072_453063</setSpec></header><metadata><record xmlns="http://www.loc.gov/MARC21/slim" xmlns:dcterms="http://purl.org/dc/terms/" xmlns:xsi="http://www.w3.org/2001/XMLSchema-instance" xmlns:doc="http://www.lyncode.com/xoai" xsi:schemaLocation="http://www.loc.gov/MARC21/slim http://www.loc.gov/standards/marcxml/schema/MARC21slim.xsd">
   <leader>00925njm 22002777a 4500</leader>
   <datafield ind2=" " ind1=" " tag="042">
      <subfield code="a">dc</subfield>
   </datafield>
   <datafield ind2=" " ind1=" " tag="720">
      <subfield code="a">Azabou, Myriam</subfield>
      <subfield code="e">author</subfield>
   </datafield>
   <datafield ind2=" " ind1=" " tag="720">
      <subfield code="a">Ben Mbarek, Wael</subfield>
      <subfield code="e">author</subfield>
   </datafield>
   <datafield ind2=" " ind1=" " tag="720">
      <subfield code="a">Wederni, Asma</subfield>
      <subfield code="e">author</subfield>
   </datafield>
   <datafield ind2=" " ind1=" " tag="720">
      <subfield code="a">Almenia, Sumaya</subfield>
      <subfield code="e">author</subfield>
   </datafield>
   <datafield ind2=" " ind1=" " tag="720">
      <subfield code="a">Khitouni, Mohamed</subfield>
      <subfield code="e">author</subfield>
   </datafield>
   <datafield ind2=" " ind1=" " tag="720">
      <subfield code="a">Suñol Martínez, Joan Josep</subfield>
      <subfield code="e">author</subfield>
   </datafield>
   <datafield ind2=" " ind1=" " tag="260">
      <subfield code="c">2025-02-28</subfield>
   </datafield>
   <datafield ind2=" " ind1=" " tag="520">
      <subfield code="a">An equiatomic Ni-Fe alloy was synthesized through mechanosynthesis, under an argon atmosphere using a planetary ball mill, after 100 h. To assess the phase stability, the alloy was subsequently annealed at 923.15 K for 2 h. At the end of mechanosynthesis, X-ray diffraction analysis revealed the formation of two distinct solid phases, FCC γ-NiFe (wt% = 90.3%) and BCC α-FeNi (wt% = 9.7%). The lattice parameter of the FCC phase stabilized at 3.5748 Å, whereas the BCC phase exhibited a lattice parameter of 2.6608 Å. The average crystallite size was determined to be around 7 nm with the lattice strains quantified as 0.48% for both phases. This significant refinement of microstructure indicates extensive plastic deformation within the grains. Scanning electron microscopy revealed an angular particle morphology with an average particle size of 8.15 µm. Differential scanning calorimetry (DSC) analysis identified an exothermic transition at 623.15 K, corresponding to the Curie temperature of nickel, and another one at 873.15 K, attributed to the Curie temperature of Ni3Fe. These results demonstrate the efficiency of mechanosynthesis in producing biphasic Ni-Fe nanomaterials with tailored properties, characterized by a dominant FCC phase with a highly deformed nanocrystalline structure. These findings highlight the great influence of mechanical milling on the structural properties of the Ni-Fe alloy in terms of a high density of stored crystalline defects</subfield>
   </datafield>
   <datafield ind2=" " ind1=" " tag="520">
      <subfield code="a">This research was funded by University of Girona, project2024-10</subfield>
   </datafield>
   <datafield ind1="8" ind2=" " tag="024">
      <subfield code="a">http://hdl.handle.net/10256/26572</subfield>
   </datafield>
   <datafield tag="653" ind2=" " ind1=" ">
      <subfield code="a">Aliatge mecànic</subfield>
   </datafield>
   <datafield tag="653" ind2=" " ind1=" ">
      <subfield code="a">Mechanical alloying</subfield>
   </datafield>
   <datafield tag="653" ind2=" " ind1=" ">
      <subfield code="a">Nanoestructures</subfield>
   </datafield>
   <datafield tag="653" ind2=" " ind1=" ">
      <subfield code="a">Nanostructures</subfield>
   </datafield>
   <datafield tag="653" ind2=" " ind1=" ">
      <subfield code="a">Raigs X -- Difracció</subfield>
   </datafield>
   <datafield tag="653" ind2=" " ind1=" ">
      <subfield code="a">X-rays -- Diffraction</subfield>
   </datafield>
   <datafield tag="653" ind2=" " ind1=" ">
      <subfield code="a">Calorimetria</subfield>
   </datafield>
   <datafield tag="653" ind2=" " ind1=" ">
      <subfield code="a">Calorimetry</subfield>
   </datafield>
   <datafield ind2="0" ind1="0" tag="245">
      <subfield code="a">Mechanosynthesis of Nanocrystalline Biphasic Ni-Fe Alloy Powders by Mechanical Alloying and Their Structural and Thermal Characterization</subfield>
   </datafield>
</record></metadata></record></GetRecord></OAI-PMH>